000 00290nam a22001337a 4500
008 170609b xxu||||| |||| 00| 0 eng d
020 _a9780077408060
041 _aeng
080 _29TH
_a343.9
100 _a13
101 _aSHJ
245 _aTAKING SIDES
_cHICKEY,TH.J
942 _2udc
_cBK
999 _c16599
_d16599